| 000 | 00853nas a2200289 4500 | ||
|---|---|---|---|
| 001 | BR2015006205 | ||
| 003 | BR-BrBNA | ||
| 005 | 20231205125844.0 | ||
| 007 | ta | ||
| 008 | 230509b bl.|||p| |||| 00| 00por d | ||
| 040 |
_aBR-BrBNA _bpor _cBiblioteca Nacional de Agricultura |
||
| 041 | _a(Pt) | ||
| 072 | _aE14 | ||
| 100 | 1 | _aAngelo, H. | |
| 100 | 1 | _aSilva, J.C. da | |
| 100 | 1 | _aAlmeida, A.N. de | |
| 100 | 1 | _aPompermayer, R. de S. | |
| 245 | 1 | _aAnálise estratégica do manejo florestal na Amazônia brasileira | |
| 650 | _aFLORESTA TROPICAL | ||
| 650 | _aMADEIRA | ||
| 650 | _aANÁLISE ECONÔMICA | ||
| 650 | _aMERCADO | ||
| 650 | _aDESENVOLVIMENTO FLORESTAL | ||
| 773 | 0 |
_tFloresta (Brazil) _xISSN 0015-3826 _g(Jul-Sep 2014), v. 44(3) p. 341-348 _wBR2015006205 |
|
| 909 |
_a202311 _bLúcia _c55 _dLúcia Elande |
||
| 942 |
_2AGRIS _n0 _cANA |
||
| 999 |
_c246538 _d246538 |
||